Middle Earth... or Narnia? - Statistics

General Stats
  • This quiz has been taken 1,064 times
  • The average score is 11 of 15
Answer Stats
Question Answer % Correct
Has been created by C. S. Lewis Narnia
99%
Its capital city is Cair Paravel Narnia
96%
Where horses can talk Narnia
90%
Is bigger Middle Earth
86%
Appears in the most movies Middle Earth
85%
Is inhabited by a White Wizard or Witch Both
84%
Has the longest chronology/History Middle Earth
82%
Is inhabited by dwarfs Both
80%
Is presented as linked with the real world Narnia
77%
Has been created in first Middle Earth
74%
Appears in the most books (oficially published by the original author) Narnia
68%
Has been adapted in video game(s) on the Game Boy Advance Both
47%
Has been represented by New Zealand (at least partially) in movies Both
38%
Give its name to a metal band Narnia
34%
Is mentioned in the title of a featured quiz on JetPunk Middle Earth
13%
No matching quizzes found
Score Distribution
Percent of People with Each Score
Percentile by Number Answered
Your Score History
You have not taken this quiz